[Event "Kiel op 28th"]
[Site "Kiel"]
[Date "2015.07.30"]
[Round "8"]
[White "Sieweck, Philipp"]
[Black "Schaefer, Martin2"]
[Result "0-1"]
[WhiteElo "2076"]
[BlackElo "1978"]
[PlyCount "94"]
[EventDate "2015.07.25"]
[EventType "swiss"]
[EventRounds "9"]
[EventCountry "GER"]
[SourceTitle "CBM 167 Extra"]
[Source "ChessBase"]
[SourceDate "2015.09.14"]
[SourceVersion "1"]
[SourceVersionDate "2015.09.14"]
[SourceQuality "1"]

1. e4 c6 2. d4 d5 3. e5 Bf5 4. Nf3 e6 5. Be2 h6 6. Be3 Qb6 7. b3 Nd7 8. 0-0 Qc7 9. Nh4 Bh7 10. Bd3 Bxd3 11. Qxd3 Be7 12. Nf3 Bd8 13. c4 Ne7 14. Bc1 Ng6 15. Nc3 a6 16. Nd2 0-0 17. f4 f5 18. g4 Rf7 19. Nf3 Ne7 20. h3 Nf8 21. a4 b6 22. Ra2 Qd7 23. Be3 Neg6 24. Ne2 Nh4 25. Nxh4 Bxh4 26. g5 Qd8 27. Qd2 Rd7 28. c5 b5 29. Kh2 Rb7 30. Ng1 bxa4 31. bxa4 Rab8 32. Nf3 Ng6 33. Rg1 hxg5 34. Nxg5 Bxg5 35. Rxg5 Nf8 36. Qg2 Qe7 37. Ra1 Nh7 38. Rg6 Nf8 39. Rg5 Nh7 40. Rg6 Nf8 41. Rg3 Rb1 42. Ra2 R8b3 43. Qf3 R3b2+ 44. Rg2 Rxa2 45. Rxa2 Qb7 46. Rg2 Rb3 47. h4 Qe7 0-1

[Event "Kiel op 28th"]
[Site "Kiel"]
[Date "2015.07.29"]
[Round "7"]
[White "Raddatz, Michael"]
[Black "Sieweck, Philipp"]
[Result "1/2-1/2"]
[WhiteElo "2011"]
[BlackElo "2076"]
[PlyCount "120"]
[EventDate "2015.07.25"]
[EventType "swiss"]
[EventRounds "9"]
[EventCountry "GER"]
[SourceTitle "CBM 167 Extra"]
[Source "ChessBase"]
[SourceDate "2015.09.14"]
[SourceVersion "1"]
[SourceVersionDate "2015.09.14"]
[SourceQuality "1"]

1. e4 c6 2. d4 d5 3. e5 Bf5 4. Nf3 e6 5. Be2 Nd7 6. 0-0 h6 7. Be3 Ne7 8. b4 Nc8 9. a3 a5 10. b5 a4 11. Nbd2 Ncb6 12. bxc6 bxc6 13. Ne1 h5 14. f4 g6 15. Nd3 Be7 16. Nb4 Qc8 17. c3 c5 18. Nd3 Qc6 19. Ne1 0-0 20. Nef3 cxd4 21. Bxd4 Nc5 22. Bf2 Bd3 23. Nd4 Qc7 24. N2f3 Bxe2 25. Qxe2 Nc4 26. Bh4 Rfb8 27. Bxe7 Qxe7 28. Nc6 Qf8 29. Nxb8 Rxb8 30. Rfb1 Nb3 31. Ra2 Nxa3 32. Re1 Qc5+ 33. Qe3 Nc4 34. Qxc5 Nxc5 35. g3 Rb3 36. Nd2 Nd3 37. Nxb3 axb3 38. Ra8+ Kg7 39. Rd1 b2 40. Rb8 Nc5 41. Rb4 h4 42. Rb1 hxg3 43. hxg3 Nd3 44. Rb7 Nd2 45. Rd1 b1Q 46. Rbxb1 Nxb1 47. Rxb1 g5 48. Rd1 Nb2 49. Rd4 gxf4 50. gxf4 Kg6 51. Kf2 Kf5 52. Kf3 f6 53. exf6 Kxf6 54. Rb4 Nc4 55. Rxc4 dxc4 56. Ke4 Kf7 57. Kd4 Kf6 58. Kxc4 Kf5 59. Kb5 Kxf4 60. c4 e5 1/2-1/2

[Event "Stuttgart-chA op"]
[Site "Ditzingen"]
[Date "2015.05.15"]
[Round "4"]
[White "Hirtreiter, Pierre"]
[Black "Sieweck, Philipp"]
[Result "1-0"]
[WhiteElo "2027"]
[BlackElo "1953"]
[PlyCount "49"]
[EventDate "2015.05.14"]
[EventType "swiss"]
[EventRounds "7"]
[EventCountry "GER"]
[SourceTitle "EXT 2018"]
[Source "ChessBase"]
[SourceDate "2017.10.13"]
[SourceVersion "1"]
[SourceVersionDate "2017.10.13"]
[SourceQuality "1"]

1. e4 c6 2. d4 d5 3. f3 e6 4. Nc3 Qb6 5. Nge2 Nf6 6. e5 Nfd7 7. Nf4 a6 8. a3 c5 9. Be3 Nc6 10. Na4 Qa5+ 11. c3 cxd4 12. b4 Qc7 13. cxd4 b5 14. Nc5 Nxc5 15. bxc5 Nxe5 16. dxe5 Qxe5 17. Kf2 d4 18. Bd2 Qxc5 19. Rc1 Qd6 20. Bd3 Bb7 21. Be4 Rc8 22. Nd3 f6 23. Nc5 Ba8 24. Nxe6 Kf7 25. Qb3 1-0

[Event "Stuttgart-chA int"]
[Site "Gerlingen"]
[Date "2011.06.03"]
[Round "4"]
[White "Sieweck, Philipp"]
[Black "Imhof, Thomas"]
[Result "0-1"]
[WhiteElo "1938"]
[BlackElo "2082"]
[PlyCount "115"]
[EventDate "2011.06.02"]
[EventType "swiss"]
[EventRounds "7"]
[EventCountry "GER"]
[SourceTitle "EXT 2018"]
[Source "ChessBase"]
[SourceDate "2017.10.13"]
[SourceVersion "1"]
[SourceVersionDate "2017.10.13"]
[SourceQuality "1"]

1. e4 c5 2. Nf3 d6 3. d4 cxd4 4. Qxd4 Nc6 5. Bb5 Bd7 6. Bxc6 Bxc6 7. c4 Nf6 8. Nc3 e6 9. Bg5 Be7 10. 0-0 0-0 11. Rfd1 Qc7 12. Rac1 Rfd8 13. Qd3 e5 14. Nh4 Ne8 15. Bxe7 Qxe7 16. Nf5 Qf6 17. b4 b6 18. Rd2 Rd7 19. a4 Rad8 20. Nd5 Bxd5 21. cxd5 g6 22. Ne3 Ng7 23. Rdc2 Qe7 24. Rc6 Nh5 25. g3 Nf6 26. f3 Nh5 27. Rc8 Kg7 28. Qa6 Qg5 29. Kf2 Qe7 30. Rxd8 Qxd8 31. Rc8 Qe7 32. Qc4 Nf6 33. Qc6 h5 34. Nc4 h4 35. Na3 hxg3+ 36. hxg3 g5 37. g4 Ne8 38. Nb5 Kf8 39. a5 a6 40. Nc7 Rxc7 41. Rxe8+ Qxe8 42. Qxc7 bxa5 43. Qxd6+ Kg8 44. bxa5 Qa4 45. Qd8+ Kh7 46. Qxg5 Qxa5 47. Qf5+ Kg8 48. Qxe5 Qd2+ 49. Kg3 Qe1+ 50. Kf4 Qc1+ 51. Kf5 Qe3 52. f4 Qh3 53. Qf6 Qa3 54. d6 Qc5+ 55. Qe5 Qc8+ 56. Kf6 Qf8 57. d7 Qg7+ 58. Kf5 0-1